000 00432nam a2200169Ia 4500
008 230718s9999 xx 000 0 und d
020 _a9788120327252
041 _aeng
082 _a005.4'53
_bCHA
100 _aChattopadhyay S.
_9118564
245 _aCompiler Design
260 _c2005
_bPrentice Hall Of India
300 _a225
365 _cRs.
_b175.00
700 _aChattopadhyay S.
_9118564
906 _d913/4.7.06
_cIT
_b35
999 _c313965
_d313965